000 00558nam a2200157 4500
008 170307b xxu||||| |||| 00| 0 eng d
022 _a01153544
082 _aDPer 338.05 En86 Apr-Jul 2015 v. 15, n. 158-161
100 _919020
_aSantos, Mari-An.
245 _aBigger fish:
_bfor these startups, it's go big or go home/
_cMari-An Santos.
260 _aPhilippines:
_bSummit Media,
_cApr-Jul 2015.
300 _av15 n159, pages 29-30:
_billustrations,
_c28 cm.
500 _aEntrepreneur.
650 0 _919022
_aBusiness
_xInvestments
942 _2ddc
_cPER
999 _c6338
_d6338